000 004400000a22001690004500
041 0 _aSPA
082 0 4 _aG 306.85 B5622a
100 1 _aBetancur Castaño, Conrado
245 1 0 _aAmor, familia y sociedad / Conrado Betancur Castaño
260 _aMedellín : [S:N:]
300 _a191 Pág.
001 14328
942 _cBK
999 _c43209
_d43209
336 _atexto
_btxt
_2rdacontent
337 _2rdamedia
_asin mediación
_bn
338 _2rdacarrier
_avolumen
_bnc